Science Quiz

Random Science Quiz

Sheep Eye Quiz Stats

 Plays Quiz not verified by Sporcle

Score 0/18 Timer 10:00
0 Plays Today
Number Structure % Correct
11Lens
69.5%
13Sclera
68%
12Lens
65.4%
14Cornea
59.9%
10Pupil
58.4%
15Pupil
56.9%
1Retina
52%
2 (structure)Sclera
47.2%
16Iris
46.1%
Number Structure % Correct
3 (structure)Choroid
40.9%
9Iris
40.1%
7Ciliary Body
37.2%
4Tapetum lucidum
32.3%
5Optic disc
25.7%
8Ora Serrata
16.7%
2 (layer)Fibrous tunic
15.2%
6Ciliary Processes
14.9%
3 (layer)Vascular tunic
13.4%

You're not logged in!

Compare scores with friends on all Sporcle quizzes.
OR
Log In

You Might Also Like...

Show Comments

Extras

Created Dec 10, 2012ReportNominate
Tags:eye, sheep, structure

Top Quizzes Today


Score Distribution

Your Account Isn't Verified!

In order to create a playlist on Sporcle, you need to verify the email address you used during registration. Go to your Sporcle Settings to finish the process.

Report this User

Report this user for behavior that violates our Community Guidelines.

Details: